Countries with Sloths - Statistics

General Stats
  • This quiz has been taken 58 times
  • The average score is 13 of 15
Answer Stats
Answer % Correct
Brazil
96%
Peru
96%
Colombia
93%
Mexico
93%
El Salvador
91%
Honduras
91%
Guatemala
89%
Panama
89%
Bolivia
87%
Costa Rica
87%
Nicaragua
87%
Suriname
87%
Venezuela
87%
Ecuador
85%
Guyana
85%
No matching quizzes found
Score Distribution
Percent of People with Each Score
Percentile by Number Answered
Your Score History
You have not taken this quiz